000 00257nam a2200109 a 4500
005 20140513081048.0
008 020606s19uu xx 00 eng d
050 _aP 002
_bBOO
245 _aBook make good friend.
650 _aBooks
_xPosters
999 _c116237
_d116237